000 00386nam a2200169Ia 4500
008 220531s9999 xx 000 0 und d
041 _aeng
082 _bTIL
100 _aTilak, Raghukul
_939501
245 _aOthello Notes
260 _bRama
_c1995
300 _a167
542 _d15-07-1998
650 _aEnglish
_939502
906 _d1998-1999
_f6389
999 _c23821
_d23821